A tale of two wings : health and family planning programmes in an upazila in northern Bangladesh /

Xehetasun bibliografikoak
Erakunde egilea: Bangladesh Rural Advancement Committee
Formatua: Liburua
Hizkuntza:English
Saila:Rural study series ; 06
Gaiak:
Classic Catalogue: View this record in Classic Catalogue
LEADER 02204nam a2200349 a 4500
001 6409
003 BD-DhAAL
005 20250423122359.0
008 060909t19901991bg a b f000 0 eng d
010 |a  91903630  
020 |c Tk50.00 ($5.00 U.S.) 
040 |a DLC  |c DLC  |d DLC  |d BD-DhAAL 
082 0 0 |a 362.1095492  |2 23 
245 0 2 |a A tale of two wings :  |b health and family planning programmes in an upazila in northern Bangladesh /  |c Bangladesh Rural Advancement Committee. 
264 |a Dhaka, Bangladesh :  |b BRAC publication,  |c 1990, 1991 [Third impression]. 
300 |a x, 60 pages :  |b illustrations ;  |c 23 cm. 
490 0 |a Rural study series ;  |v 06 
500 |a A.M.R. Chowdhury Study Coordinator. 
504 |a Includes bibliographical references (page 54). 
541 1 |a Donated by Dr. Ahmed Mushtaque Raza Chowdhury (Former Vice Chairperson of BRAC)  |e 6409, 44371, 44372 
650 0 |a Rural health services  |z Bangladesh  |x Evaluation.  |9 19635 
650 0 |a Public health  |z Bangladesh  |x Evaluation.  |9 19636 
650 0 |a Public health personnel  |x Rating of  |z Bangladesh.  |9 19637 
650 0 |a Birth control  |z Bangladesh.  |9 19638 
710 2 |a Bangladesh Rural Advancement Committee  |9 19639 
830 |a Rural study series ;  |v 06  |9 15573 
852 4 |a Ayesha Abed Library  |c BRAC Resource Section 
942 |2 ddc  |c BK 
999 |c 3811  |d 3811 
952 |0 0  |1 0  |2 ddc  |4 0  |6 362_109549200000000_TAL  |7 1  |9 3463  |a BRACUL  |b BRACUL  |c BRS  |d 2009-09-06  |g 50.00  |l 1  |o 362.1095492 TAL  |p 3010006409  |r 2020-01-26  |s 2020-01-19  |t 1  |w 2009-09-06  |y BK 
952 |0 0  |1 0  |2 ddc  |4 0  |6 362_109549200000000_TAL  |7 1  |9 77616  |a BRACUL  |b BRACUL  |c AMRC  |d 2025-04-22  |e Complimentary copy from Dr. Ahmed Mushtaque Raza Chowdhury  |g 50.00  |l 0  |o 362.1095492 TAL  |p 3010044371  |r 2025-04-22  |t 2  |w 2025-04-22  |y BK  |x Complimentary copy received from Dr. Ahmed Mushtaque Raza Chowdhury (Former Vice Chairperson of BRAC) on 17 April 2025. 
952 |0 0  |1 0  |2 ddc  |4 0  |6 362_109549200000000_TAL  |7 1  |9 77617  |a BRACUL  |b BRACUL  |c AMRC  |d 2025-04-22  |e Complimentary copy from Dr. Ahmed Mushtaque Raza Chowdhury  |g 50.00  |l 0  |o 362.1095492 TAL  |p 3010044372  |r 2025-04-22  |t 3  |w 2025-04-22  |y BK  |x Complimentary copy received from Dr. Ahmed Mushtaque Raza Chowdhury (Former Vice Chairperson of BRAC) on 17 April 2025.